| 000 | 01099cam a2200313L 4500 | ||
|---|---|---|---|
| 001 | 79815 | ||
| 005 | 20230410105237.0 | ||
| 008 | 070709s2007 si 000 ubeng d | ||
| 035 | _a(OCoLC)ocn488422257 | ||
| 040 |
_aDKDLA _bdan _cDKDLA |
||
| 020 | _a9812613404 | ||
| 020 | _a9789812613400 | ||
| 029 | 0 |
_aDKDLA _b35607667 |
|
| 035 | _a(OCoLC)488422257 | ||
| 043 | _aa-io--- | ||
| 050 | 1 | 4 |
_aDS644.46.S63 _bA62 2007 |
| 050 | 1 | 4 |
_aDS644.1.S56 _bA23 2007 |
| 245 | 0 | 0 |
_aSoeharto : _bthe life and legacy of Indonesia's second president : an authorised biography / _cRetnowati Abdulgani-Knapp. |
| 260 |
_aSingapore : _bMarshall Cavendish Editions ; _aTarrytown, NY : _bMarshall Cavendish, _cc2007. |
||
| 300 |
_a376 s. : _bill., maps ; _c24 cm. |
||
| 504 | _aIncludes bibliographical references (p. [364]-367)and index. | ||
| 600 | 0 | 4 |
_aSoeharto, _d1921-2008. |
| 650 | 4 |
_aPresidents _zIndonesia. |
|
| 650 | 0 |
_aPresidents _zIndonesia _vBiography. |
|
| 651 | 4 |
_aIndonesia _xPolitics and government _y1966-1998. |
|
| 700 | 1 | _aAbdulgani-Knapp, Retnowati. | |
| 942 |
_2lcc _cbk |
||
| 946 |
_aMFC0 _bDRFGD |
||
| 999 |
_c32772 _d32772 |
||